Ernest Cushing Richardson collection of French and Italian manuscripts, (Record no. 44144)

MARC details
000 -LEADER
fixed length control field 02077cpcaa2200505 4500
001 - CONTROL NUMBER
control field mm 85076253
003 - CONTROL NUMBER IDENTIFIER
control field DLC
005 - DATE AND TIME OF LATEST TRANSACTION
control field 20260227111722.0
007 - PHYSICAL DESCRIPTION FIXED FIELD--GENERAL INFORMATION
fixed length control field cr |||||||||||
008 - FIXED-LENGTH DATA ELEMENTS--GENERAL INFORMATION
fixed length control field 851126|||||||||||| fre
010 ## - LIBRARY OF CONGRESS CONTROL NUMBER
LC control number mm 85076253
040 ## - CATALOGING SOURCE
Original cataloging agency DLC
Transcribing agency DLC
Description conventions dacs
Modifying agency DLC
041 ## - LANGUAGE CODE
Language code of text/sound track or separate title fre
-- ger
-- ita
-- lat
072 #7 - SUBJECT CATEGORY CODE
Subject category code C
Source lcmd
100 1# - MAIN ENTRY--PERSONAL NAME
Personal name Richardson, Ernest Cushing,
Dates associated with a name 1860-1939.
245 00 - TITLE STATEMENT
Title Ernest Cushing Richardson collection of French and Italian manuscripts,
Inclusive dates 1179-1825.
300 ## - PHYSICAL DESCRIPTION
Extent 2,000
Type of unit items.
300 ## - PHYSICAL DESCRIPTION
Extent 14
Type of unit containers.
300 ## - PHYSICAL DESCRIPTION
Extent 5.6
Type of unit linear feet.
506 0# - RESTRICTIONS ON ACCESS NOTE
Terms governing access Open to research.
520 8# - SUMMARY, ETC.
Summary, etc. Manuscripts collected by Richardson including correspondence, legal notes, dictionaries of ecclesiastical and civil law, land records, genealogical material, financial records, pamphlets, printed matter, and other documents relating chiefly to France and Italy. Subjects include law, medicine, and religion.
545 0# - BIOGRAPHICAL OR HISTORICAL DATA
Biographical or historical data Librarian and collector.
555 8# - CUMULATIVE INDEX/FINDING AIDS NOTE
Cumulative index/finding aids note Finding aid available in the Library of Congress Manuscript Reading Room and at
Uniform Resource Identifier <a href="http://hdl.loc.gov/loc.mss/eadmss.ms013004">http://hdl.loc.gov/loc.mss/eadmss.ms013004</a>
546 ## - LANGUAGE NOTE
Language note Collection material in French and Italian, with Latin and German.
650 #0 - SUBJECT ADDED ENTRY--TOPICAL TERM
Topical term or geographic name entry element Encyclopedias and dictionaries, French.
650 #0 - SUBJECT ADDED ENTRY--TOPICAL TERM
Topical term or geographic name entry element Deeds
Geographic subdivision France.
650 #0 - SUBJECT ADDED ENTRY--TOPICAL TERM
Topical term or geographic name entry element Deeds
Geographic subdivision Italy.
650 #0 - SUBJECT ADDED ENTRY--TOPICAL TERM
Topical term or geographic name entry element Genealogy
Geographic subdivision Italy.
650 #0 - SUBJECT ADDED ENTRY--TOPICAL TERM
Topical term or geographic name entry element Land tenure
Geographic subdivision France.
650 #0 - SUBJECT ADDED ENTRY--TOPICAL TERM
Topical term or geographic name entry element Land tenure
Geographic subdivision Italy.
650 #0 - SUBJECT ADDED ENTRY--TOPICAL TERM
Topical term or geographic name entry element Law
Geographic subdivision France.
650 #0 - SUBJECT ADDED ENTRY--TOPICAL TERM
Topical term or geographic name entry element Law
Geographic subdivision Italy.
650 #0 - SUBJECT ADDED ENTRY--TOPICAL TERM
Topical term or geographic name entry element Law
Geographic subdivision France
Form subdivision Dictionaries.
650 #0 - SUBJECT ADDED ENTRY--TOPICAL TERM
Topical term or geographic name entry element Medicine
Geographic subdivision France.
651 #0 - SUBJECT ADDED ENTRY--GEOGRAPHIC NAME
Geographic name France
General subdivision History.
651 #0 - SUBJECT ADDED ENTRY--GEOGRAPHIC NAME
Geographic name France
General subdivision Religion.
651 #0 - SUBJECT ADDED ENTRY--GEOGRAPHIC NAME
Geographic name Italy
General subdivision History.
651 #0 - SUBJECT ADDED ENTRY--GEOGRAPHIC NAME
Geographic name Italy
General subdivision Religion.
656 #7 - INDEX TERM--OCCUPATION
Occupation Collectors.
Source of term itoamc
656 #7 - INDEX TERM--OCCUPATION
Occupation Librarians.
Source of term itoamc
856 4# - ELECTRONIC LOCATION AND ACCESS
Materials specified Finding aid
Uniform Resource Identifier <a href="http://hdl.loc.gov/loc.mss/eadmss.ms013004">http://hdl.loc.gov/loc.mss/eadmss.ms013004</a>
856 4# - ELECTRONIC LOCATION AND ACCESS
Materials specified Finding aid (PDF)
Uniform Resource Identifier <a href="http://hdl.loc.gov/loc.mss/eadmss.ms013004.3">http://hdl.loc.gov/loc.mss/eadmss.ms013004.3</a>

No items available.

Powered by Koha